000 00864nam a2200277Ia 4500
999 _c53639
_d53639
001 20686
003 GE_BSU
005 20210303202118.0
008 181216s2006|||| |||||||||||||| ||eng||
020 _a9780781759939
040 _cGE_BSU
041 _aeng
080 _a616.8 S-69
100 _aSnell, Richard S.
_910310
245 _aClinical Neuroanatomy /
_c Richard S. Snell ; Managing editor Elena Coler
250 _asixth edition
264 _aPhiladelfia :
_bLippincott Williams & Wilkin,
_c2006.
300 _a539 p. :
_b1CD ;
_c28cm.
541 _h102 Gel.
653 _aClinical Neuroanatomy
653 _aКлиническая нейроанатомия
653 _aკლინიკური ნეიროანატომია
653 _aმედიცინა
700 _aColer, Elena
_eEditor
_910311
942 _cBK
_2udc